000 00737nam a2200229 4500
003 OSt
005 20240629030453.0
006 a
008 240629b |||||||| |||| 00| 0 eng d
020 _a9780857246196
040 _aDWCL-Main lib.
_cOC
082 _aCirc. 379.8 S375t 2010
100 _aSchott, Christian
245 _aTourism and the implications of climate change : issues and actions /
260 _aUK :
_bEmerald Group Pub. Ltd. ,
_cc2010
300 _axiv,
_b368 p. : ill. ;
_c24 cm.
490 _3Bridging Tourism Theory and practice volume 3
504 _aIncludes bibliographical references.
650 _a1. Tourism-Environmental aspects.
650 _a2. Climatic changes.
942 _2ddc
_n0
_cBK-CIRC
_kCirc.
999 _c1645
_d1645